000 01178nam a2200289 4500
003 OSt
005 20260601193842.0
008 260421b1980 ec a|||| |||| 00| 0 spa d
040 _aICI
_bspa
_cICI
050 _aNK1164
_bD565
245 1 _aEl Diseño en una sociedad en cambio /
_cC. Malo, L. Molinari, MICEI, O. Arroyo, M. Álvarez, H. Rodríguez
264 _bCentro Interamericano de Artesanías y Artes Populares ;
_bEcuador-OEA
_c[entre 1980 y 1982]
_a[Cuenca] :
_a[Quito] :
300 _a252 páginas
_bilustraciones
_c21.7 cm
336 _atexto
_2rdacontent
337 _asin medio
_2rdamedia
338 _avolumen
_2rdacarrier
650 _aDiseño
_vCongresos
_930895
650 _aArte y sociedad
_vCongresos
_930896
700 1 _aMalo, C.
_d1936- ,
_q(Claudio),
_930897
700 1 _aMolinari Flores, Luis,
_eautor
_930898
700 1 _aArroyo Arriaga, Omar,
_eautor
_930899
700 1 _aÁlvarez Fuentes, Manuel,
_eautor
700 1 _aRodríguez Castelo, Hernán,
_d1933-
_qautor
_930901
710 2 _aCentro Interamericano de Artesanías y Artes Populares
_930902
711 2 _aSeminario Nacional de Diseño
_cCuenca, Ecuador)
_n(2 : |d 1980 :
_930903
942 _2lcc
_cB
999 _c21488
_d21488